Big book of Experiment (Record no. 3067)
[ view plain ]
| 000 -LEADER | |
|---|---|
| fixed length control field | 00237nam a22000857a 4500 |
| 008 - FIXED-LENGTH DATA ELEMENTS--GENERAL INFORMATION | |
| fixed length control field | 160912b xxu||||| |||| 00| 0 eng d |
| 100 ## - MAIN ENTRY--PERSONAL NAME | |
| 9 (RLIN) | 409 |
| Personal name | Educational Development |
| 245 ## - TITLE STATEMENT | |
| Title | Big book of Experiment |
| 260 ## - PUBLICATION, DISTRIBUTION, ETC. (IMPRINT) | |
| Place of publication, distribution, etc. | USA |
| Name of publisher, distributor, etc. | Oklahan publication |
| Date of publication, distribution, etc. | 1996 |
| Withdrawn status | Lost status | Source of classification or shelving scheme | Damaged status | Koha normalized classification for sorting | Not for loan | Home library | Current library | Shelving location | Date acquired | Total Checkouts | Total Renewals | Full call number | Barcode | Date last seen | Date last checked out | Price effective from | Koha item type |
|---|---|---|---|---|---|---|---|---|---|---|---|---|---|---|---|---|---|
| Dewey Decimal Classification | 500_000000000000000 | Good Samaritan School Library | Good Samaritan School Library | Science | 09/12/2016 | 20 | 1 | 500 | EDU8490 | 02/11/2020 | 02/05/2020 | 09/12/2016 | BOOK |